Alberdi, sarmiento, el 90 : límites del nacionalismo argentino en el siglo xix /

Guardado en:
Autor Principal: Peña, Milciades
Formato: Libro
Publicado: Buenos Aires : Ediciones Fichas, 1973
Edición:2a. ed.
Materias:
Etiquetas: Agregar Etiqueta
Sin Etiquetas, Sea el primero en etiquetar este registro!
LEADER 00731nam a22002175a 4500
001 CEM.cems009782
005 20080711095239.0
008 130507s1973##################000#0#####d
003 CEMS
082 0 4 |a 982.05 
100 1 |a Peña, Milciades 
245 1 0 |a Alberdi, sarmiento, el 90 :  |b límites del nacionalismo argentino en el siglo xix /  |c Milciades Peña 
250 |a 2a. ed. 
260 |a Buenos Aires :  |b Ediciones Fichas,  |c 1973 
300 |a 125 p. 
505 0 |a La revolución del 90 -- El dilema de civilización o barbarie 
653 |a Argentina-nacionalismo 
653 |a Historia 
653 |a Historia argentina 1861-1910 
653 |a Nacionalismo-argentina 
859 |a CEMS  |b BIB. CEMS - 11 de abril  |h 982.05  |i P37a2  |p 19346.97  |t Ej.1